000 00550nam a2200193Ia 4500
005 20250508162928.0
008 008 250505s9999 xx 000 0 eng d
037 _aTextual
040 _aFEDL
_beng
_cFEDL
041 _aeng
_2eng
084 _a657.45, PAG
_qFEDL
100 _aPagare Dinkar
_9257046
245 0 _aPrinciples and practice of auditing
260 _aNew Delhi, India
_bSultan Chand and Sons
_c1994
300 _a313p.
700 _a Gupta naresh
_9774427
942 _cTEXL
_h657.45, PAG
999 _c1379487
_d1379487